Isabella ADINOLFIéd. – Il religioso in Kierkegaard, Brescia, Morcelliana, 2002,450 p. (notice n° 1579568)

détails MARC
000 -LEADER
fixed length control field 02111cam a2200169 4500500
005 - DATE AND TIME OF LATEST TRANSACTION
control field 20251228050014.0
041 ## - LANGUAGE CODE
Language code of text/sound track or separate title fre
042 ## - AUTHENTICATION CODE
Authentication code dc
100 10 - MAIN ENTRY--PERSONAL NAME
Personal name Tilliette, Xavier
Relator term author
245 00 - TITLE STATEMENT
Title Isabella ADINOLFIéd. – Il religioso in Kierkegaard, Brescia, Morcelliana, 2002,450 p.
260 ## - PUBLICATION, DISTRIBUTION, ETC.
Date of publication, distribution, etc. 2003.<br/>
500 ## - GENERAL NOTE
General note 48
520 ## - SUMMARY, ETC.
Summary, etc. Il est difficile de mesurer et de fixer la portée historique de la décontruction en tant qu’événement. C’est peut-être même impossible, si le « messianique », tel que l’entend Derrida, en constitue la dimension véritable, puisqu’elle excède alors tout horizon et donc toute anticipation. Il reste qu’elle se traduit, ici et maintenant, par certaines prises de positions théoriques et politiques dont on peut et doit repérer les effets et dont il incombe à une pratique responsable de la philosophie de déchiffrer les présupposés et les implications. Dans cette optique, il importe tout particulièrement de déterminer les modalités selon lesquelles la déconstruction, en tant qu’attitude et activité intellectuelle, reste endettée auprès de la critique, telle que Marx et Husserl ont prétendu la radicaliser.
520 ## - SUMMARY, ETC.
Summary, etc. One can hardly measure and fix what is the historical full significance of deconstruction as an event. It is even, perhaps, impossible, if the « messianic », as Derrida understands it, constitutes its real dimension, since it exceeds then all horizon, and, consequently, all anticipation. Nevertheless, it finds its expression, here and now, in certain theoretical and political positions. The deciephering of their presuppositions and implications devolves upon a responsible practice of philosophy. From this point of view, it matters more precisely to determine how derridean deconstruction, as an intellectual attitude, is still in debt to critics, such as Marx and Husserl have radicalised it.
786 0# - DATA SOURCE ENTRY
Note Archives de philosophie | 66 | 3 | 2003-09-01 | p. 527d-535d | 0003-9632
856 41 - ELECTRONIC LOCATION AND ACCESS
Uniform Resource Identifier <a href="https://shs.cairn.info/revue-archives-de-philosophie-2003-4-page-527d?lang=fr&redirect-ssocas=7080">https://shs.cairn.info/revue-archives-de-philosophie-2003-4-page-527d?lang=fr&redirect-ssocas=7080</a>

Pas d'exemplaire disponible.

PLUDOC

PLUDOC est la plateforme unique et centralisée de gestion des bibliothèques physiques et numériques de Guinée administré par le CEDUST. Elle est la plus grande base de données de ressources documentaires pour les Étudiants, Enseignants chercheurs et Chercheurs de Guinée.

Adresse

627 919 101/664 919 101

25 boulevard du commerce
Kaloum, Conakry, Guinée

Réseaux sociaux

Powered by Netsen Group @ 2025